| 000 | 01489nam a22002894c 4500 | ||
|---|---|---|---|
| 003 | AR-BaSMT | ||
| 008 | 260512b2025 aga|||br|||| 000 1bspa d | ||
| 020 | _a9789878013640 | ||
| 040 |
_aBSGB _bespañol _cBSGB _erda |
||
| 041 | 0 |
_aspa _hespañol |
|
| 080 | _a82-34 | ||
| 100 | 1 |
_aGaleano, Eduardo _9464 |
|
| 245 | 1 | 4 | _aUn mar de fueguitos |
| 250 | _aPrimera edición ; segunda reimpresión | ||
| 264 |
_aBuenos aires : _bSiglo XXI Editores , _c2025 |
||
| 300 |
_a48 páginas ; _bilustraciones color |
||
| 336 |
_2rdacontent _atexto _btxt |
||
| 337 |
_2rdamedia _asin mediación _bn |
||
| 338 |
_2rdacarrier _avolumen _bnc |
||
| 490 | _aBiblioteca Eduardo Galeano | ||
| 520 |
_aLas tres historias incluidas en este libro impactaron (y siguen haciéndolo) a miles de lectores de diferentes partes del mundo. Algunos ni saben que fueron escritas por Eduardo Galeano. Eso es lo que sucede cuando un texto se vuelve popular: las palabras del autor viajan más lejos y más veloces que su propio nombre.
Nos encantaría que este libro, genialmente ilustrado por Poly Bernatene, fuera un primer acercamiento sensible de muchos niños y niñas a este mar de fueguitos que es nuestro mundo. Y nos gustaría todavía más que, cuando lo lean, se enciendan. _uhttps://sigloxxieditores.com.ar/libro/un-mar-de-fueguitos/ 12/05/2026 |
||
| 650 | 7 |
_98 _aLITERATURA INFANTIL |
|
| 650 | 7 |
_923 _aCUENTO |
|
| 700 | 1 |
_aBernatene, Poly _eIlustrador _930 |
|
| 942 |
_2ddc _aBOOK |
||
| 999 |
_c679 _d679 |
||